| 000 | 00679nam a2200229 i 4500 | ||
|---|---|---|---|
| 999 |
_c2498 _d2498 |
||
| 001 | 19600 | ||
| 003 | BD-DhUAP | ||
| 005 | 20210130100442.0 | ||
| 008 | 150602s2013 ctuab b 001 0 eng | ||
| 020 | _a9780714119755 | ||
| 040 |
_aBD-DhUAP _bEng _cBD-DhUAP _dBD-DhUAP |
||
| 082 | 0 | 0 |
_a709.021 ANC _223 |
| 245 | _aThe British Museum book of ancient Egypt. | ||
| 260 |
_aLondon : _bThe British Museum Press, _c2012. |
||
| 300 |
_a304 pages : _billustrations ; _c25 cm |
||
| 504 | _aIncludes bibliographical references and index. | ||
| 650 | _aBritish Museum | ||
| 650 | _aArt, Ancient -- Egypt -- Catalogs. | ||
| 710 | _aBritish Museum | ||
| 942 |
_2ddc _cBK |
||